Geography Quiz

Random Geography or City Quiz

Where Is That 'Q' or 'R' City? Quiz Stats

 Plays Quiz Updated May 19, 2020

Support Sporcle.
Go Orange.
Score 0/20 Timer 04:00
5 Plays Today
Question Answer Wrong Answers
Quebec City Canada
95.4%
France
1%
Mexico
0.7%
Cuba
0.8%
Reykjavík Iceland
95.1%
Norway
1.1%
Denmark
0.8%
Sweden
0.8%
Reading United Kingdom
92%
Canada
3.8%
Fiji
0.9%
Malta
0.8%
Rotterdam Netherlands
90.7%
Luxembourg
1.2%
Germany
5%
New Zealand
0.8%
Riga Latvia
89.1%
Poland
2.7%
Belarus
4.6%
Russia
1.2%
Riyadh Saudi Arabia
86.6%
Oman
2.5%
United Arab Emirates
5.8%
Lebanon
2.5%
Rabat Morocco
86.5%
Algeria
6.9%
Mauritania
1.5%
Liberia
2.7%
Quito Ecuador
86%
Colombia
6.3%
Qatar
2.4%
Panama
2.8%
Rennes France
83.8%
Switzerland
4.6%
Belgium
7.5%
Italy
1.6%
Raleigh United States
81.9%
The Bahamas
4%
Australia
6.1%
Ireland
5.6%
Reggio Calabria Italy
80%
San Marino
9.6%
Slovenia
2.7%
Andorra
5.1%
Quezon City Philippines
73.1%
Palau
6.3%
Vietnam
9.5%
Malaysia
8.4%
Rostov-on-Don Russia
72%
Moldova
9.7%
Bulgaria
8.9%
Kazakhstan
6.6%
Recife Brazil
67.7%
Suriname
11.8%
Guyana
9.3%
Angola
8.5%
Rishon LeZion Israel
66.2%
United States
2.2%
Palestine
16.2%
France
12.7%
Rostock Germany
56.9%
Netherlands
14.2%
Italy
0.8%
Poland
25.5%
Roodepoort South Africa
56.1%
Netherlands
32.3%
Guyana
3.6%
Mozambique
5.4%
Rawalpindi Pakistan
53.5%
Tajikistan
5.3%
Iran
4.4%
Sri Lanka
34.2%
Querétaro Mexico
53.5%
Guatemala
20.6%
Costa Rica
8.2%
El Salvador
14.9%
Rosario Argentina
53.1%
Chile
15.6%
Spain
14.5%
Brazil
14.2%

You're not logged in!

Compare scores with friends on all Sporcle quizzes.
OR
Log In

From the Vault

5-Star Movie Actors IV

by manonthemoon

Don't worry everyone, Pauly Shore will be in the next one of these.
Remove Ads.
Support Sporcle.
Get the best of Sporcle when you Go Orange. This ad-free experience offers more features, more stats, and more fun while also helping to support Sporcle. Thank you for becoming a member.

Show Comments

Extras

Top Quizzes Today


Score Distribution

Your Account Isn't Verified!

In order to create a playlist on Sporcle, you need to verify the email address you used during registration. Go to your Sporcle Settings to finish the process.

Report this User

Report this user for behavior that violates our Community Guidelines.

Details: